15 najbardziej dotkniętych krajów Covid-19 - 30 marzec 2022 - Statystyki

Ogólne statystyki
  • Ten quiz został rozwiązany 47 razy
  • Średni wynik to 13 z 29
Statystyki odpowiedzi
kraj % Poprawnych
Stany Zjednoczone
93%
Rosja
82%
Niemcy
80%
Włochy
80%
Francja
78%
Hiszpania
69%
Wielka Brytania
67%
Brazylia
62%
Indie
60%
Portugalia
58%
Argentyna
56%
Czechy
47%
Korea Południowa
38%
Turcja
38%
Belgia
33%
Dania
33%
Szwajcaria
31%
Holandia
29%
Holandia
29%
Iran
29%
Austria
27%
Litwa
27%
Łotwa
27%
Estonia
24%
Wietnam
22%
Izrael
18%
Słowenia
18%
Gruzja
11%
Cypr
4%
Nie znaleziono quizów pasujących do podanych kryteriów
Rozkład punktacji
Procent ludzi z każdym wynikiem
Percentyl według liczby udzielonych odpowiedzi
Twoja historia wyników
Nie rozwiązałeś tego quizu